| 000 | 00675pam a2200241 a 4500 | ||
|---|---|---|---|
| 001 | 1879426 | ||
| 005 | 20180205082012.0 | ||
| 008 | 831219r19841980nyua b 001 0 eng | ||
| 010 | _a 83025719 | ||
| 020 | _a0814455336 (hard) | ||
| 020 |
_a0814476139 (pbk.) : _c$9.95 |
||
| 040 |
_aDLC _cDLC _dDLC |
||
| 041 | _aeng | ||
| 080 | _a658.3 | ||
| 082 | 0 | 0 |
_a658.3 POT _219 |
| 100 | 1 | _a54 | |
| 101 | _aLID | ||
| 240 | 1 | 0 | _aTurning around |
| 245 | 1 | 0 |
_aChanging performance on the job : _cBeverly A. Potter. |
| 504 | _aIncludes bibliographies and index. | ||
| 906 |
_a7 _bcbc _corignew _d1 _eocip _f19 _gy-gencatlg |
||
| 942 |
_2ddc _cBK |
||
| 999 |
_c41805 _d41805 |
||